000 00961nam a22003017a 4500
001 BR7702322
003 BR-BrBNA
005 20230928085250.0
007 ta
008 230509b bl.||||| |||| 00| 0 por d
040 _aBR-BrBNA
_bpor
_cBiblioteca Nacional de Agricultura
041 _a(Por)
072 _aF22
_b/G514
090 _ F22 BR7702322
100 1 _aCordeiro, G.G.
110 1 _aUniversidade Federal da Paraiba, Campina Grande (Brasil). Centro de Ciencias e Tecnologia. Depto. de Engenharia Civil
_0Tese (Mestrado)
_910754
245 1 _aCaracterizacao dos problemas de sais dos solos irrigados do projeto Sao Goncalo [Paraiba; Brasil]
260 3 _aCampina Grande, PB (Brasil):
_c1977.
300 _a108 p.
500 _a36 ref.; Summaries (Eng, Por)
650 _aQuimica do solo
650 _aSolo
650 _aSais minerais
650 _aSao Goncalo
650 _aParaiba
909 _a202309
_bLucia
_c55
_dLucia Elande
942 _cBK
999 _c23572
_d23572